Statistics for 新千歳空港を発着する路線

Click here to take the quiz!

General Stats

  • This quiz has been taken 301 times
  • The average score is 24 of 27

Answer Stats

航空会社回答% Correct
JAL/ANA/AIRDO/スカイマーク東京
100%
JAL/ANA大阪
97%
JAL/ANA/AIRDO/IBEX/peach仙台
96%
JAL/ANA/AIRDO/スカイマーク/peach名古屋(中部)
96%
ANA/peach/Jetstar/SPRING JAPAN成田
96%
JAL/ANA/AIRDO/スカイマーク/peach福岡
95%
JAL/ANA/peach/Jetstar関西空港
94%
peach沖縄
94%
ANA秋田
94%
JAL/ANA広島
93%
JAL/ANA新潟
92%
JAL/ANA青森
92%
JAL/FDA山形
91%
JAL/FDA静岡
90%
ANA/AIRDO/スカイマーク神戸
90%
ANA函館
90%
ANA稚内
90%
ANA福島
89%
ANA岡山
88%
ANA富山
85%
スカイマーク茨城
85%
ANA釧路
84%
ANA小松
82%
JAL/ANA女満別
82%
JAL/FDA信州まつもと
79%
JALいわて花巻
77%
ANA根室中標津
67%

Score Distribution

Percentile by Number Answered

Percent of People with Each Score

Your Score History

You have not taken this quiz